00344nam a2200109Ia 4500008004100000082000800041100002600049245004300075942000600118952009500124999001500219240331s9999 xx 000 0 und d bWEB aWeb international. ed 0aWeb directory :bWorld's No.1 webguide cL 001040708LaWERCLbWERCLcSSCd2024-03-31l0o 025 WEBp1874r2024-03-31w2024-03-31yL c3252d3252